| 000 | 00590nam a2200181 a 4500 | ||
|---|---|---|---|
| 001 | 4760 | ||
| 003 | CDMR | ||
| 005 | 20130426135218.0 | ||
| 008 | 130130s2004||||||||||||||||||||||||||||d | ||
| 020 | _a8460636925 | ||
| 040 |
_aCDMR _bcat _cCPC LLEIDA |
||
| 100 | 1 |
_93295 _aCullerés Balagueró, Miquel Àngel |
|
| 245 | 1 | 0 |
_aHistòria Gràfica de Mollerussa _cMiquel Àngel Cullerés Balagueró, Miquel Polo Silvestre, Josep Ripoll Ballesté |
| 260 |
_aMollerussa _c2004 _bAjuntament de Mollerussa |
||
| 650 | 0 | 4 |
_93096 _aFotografia |
| 710 | 1 |
_92830 _aMollerussa _b -- Ajuntament |
|
| 942 |
_cMON _2ddc |
||
| 999 |
_c4760 _d4760 |
||